Manchester City Players With 2 Or More Premier League winners Medals - Statistics

General Stats
  • This quiz has been taken 185 times
  • The average score is 7 of 12
Answer Stats
Medals Answer % Correct
3 Aguero
99%
3 Kompany
94%
3 Silva
84%
2 Hart
76%
3 Toure
68%
2 Zabaleta
61%
2 Dzeko
57%
2 Fernandinho
52%
2 Nasri
47%
2 Kolarov
43%
2 Milner
41%
2 Lescott
27%
No matching quizzes found
Score Distribution
Percent of People with Each Score
Percentile by Number Answered
Your Score History
You have not taken this quiz